000 01203nam a22002417a 4500
005 20111207162222.0
008 111207t xxu||||| |||| 00| 0 mar d
010 _aMAR-21722
020 _a9788184983012
_c240.00
035 _aMR-14380
037 _bDBAD/PUB
040 _aDPL
_bMR
082 _a363.2336
100 _aहॉलोवे,बेथ
_936528
245 _aलव्हिंग नॅटली /
_cबेथ हॉलोवे ; पूर्णिमा कुंडेटकर द्वारा अनुवादित
246 _aLoving Natalee
_bby Beth Holloway
260 _aपुणे
_bमेहता पब्लिशिंग हाऊस
_c2011
270 _a1941,सदाशिव पेठ,माडीवाले कॉलनी,
_bपुणे
_e411030
300 _aनऊ,198पृ.
_c22 सेमी(अजिल्द)
700 _aकुंडेटकर,पूर्णिमा
_936530
942 _2ddc
_cMR
_h363.2336
_mहॉलोवे
999 _c59055
_d59055